M25 vacancies at six-year high (Record no. 70061)

MARC details
000 -LEADER
fixed length control field 01044cam a2200229 4500
001 - CONTROL NUMBER
control field WB3815-09
008 - FIXED-LENGTH DATA ELEMENTS--GENERAL INFORMATION
fixed length control field 020424n2002 000 0 eng u
035 ## - SYSTEM CONTROL NUMBER
System control number (Sirsi) u117661
245 ## - TITLE STATEMENT
Title M25 vacancies at six-year high
260 ## - PUBLICATION, DISTRIBUTION, ETC.
Date of publication, distribution, etc. 2002
490 ## - SERIES STATEMENT
Series statement Estates Gazette
Volume/sequential designation (0216) 20 April 2002, 27(1)
520 ## - SUMMARY, ETC.
Summary, etc. According to Knight Frank's latest quarterly report, the M25 vacancy rate rose to 6.7% during the 1Q of 2002, its highest level since December 1995. Knight Frank believe the increase in availability has been driven by the supply of new space, which has grown by more than a third to 1.9m sq ft since the end of 2001. During the same period the volume of space under construction fell by 24% to 3.8m sq ft. Knight Frank website http://www.knightfrank.com
590 ## - LOCAL NOTE (RLIN)
Local note WB
650 ## - SUBJECT ADDED ENTRY--TOPICAL TERM
Topical term or geographic name entry element KNIGHT FRANK
650 ## - SUBJECT ADDED ENTRY--TOPICAL TERM
Topical term or geographic name entry element OFFICE SPACE
650 ## - SUBJECT ADDED ENTRY--TOPICAL TERM
Topical term or geographic name entry element VACANCY RATES
650 ## - SUBJECT ADDED ENTRY--TOPICAL TERM
Topical term or geographic name entry element M25
650 ## - SUBJECT ADDED ENTRY--TOPICAL TERM
Topical term or geographic name entry element OCCUPIER MARKETS
650 ## - SUBJECT ADDED ENTRY--TOPICAL TERM
Topical term or geographic name entry element OFFICE OCCUPIERS
690 ## - LOCAL SUBJECT ADDED ENTRY--TOPICAL TERM (OCLC, RLIN)
Topical term or geographic name as entry element PROPERTY-COMMERCIAL PROPERTY-COMMERCIAL PROPERTY MARKET
942 ## - ADDED ENTRY ELEMENTS (KOHA)
Suppress in OPAC 0
Holdings
Withdrawn status Lost status Source of classification or shelving scheme Damaged status Not for loan Home library Current library Shelving location Date acquired Total Checkouts Full call number Barcode Date last seen Copy number Price effective from Koha item type
    Dewey Decimal Classification     London London News article 24/04/2002   WB3815-09 117661-1001 06/08/2019 1 06/08/2019 News article